[Event "NATO-ch 31st"]
[Site "Blankenberge"]
[Date "2021.10.14"]
[Round "6.25"]
[White "Wagenaar, Harm Theo"]
[Black "Michalski, Daniel"]
[Result "1/2-1/2"]
[WhiteElo "1890"]
[BlackElo "1996"]
[PlyCount "75"]
[EventDate "2021.10.11"]
[EventType "team-swiss"]
[EventRounds "7"]
[EventCountry "BEL"]
[SourceTitle "CBM 204 Extra"]
[Source "ChessBase"]
[SourceDate "2021.11.30"]
[SourceVersion "1"]
[SourceVersionDate "2021.11.30"]
[SourceQuality "1"]
[WhiteTeam "Netherlands"]
[BlackTeam "NATO"]
[WhiteTeamCountry "NED"]

1. d4 d5 2. Nf3 Nf6 3. e3 Bf5 4. c4 e6 5. Qb3 Qc8 6. Bd2 c6 7. Nc3 Nbd7 8. Rc1 Be7 9. Be2 0-0 10. 0-0 Qb8 11. h3 Ne4 12. Rfd1 Ndf6 13. Nh4 Nxd2 14. Rxd2 Ne4 15. Nxe4 Bxe4 16. Nf3 Rd8 17. c5 Qc7 18. Qc3 Bxf3 19. Bxf3 Bf6 20. Re1 Re8 21. g3 e5 22. Rde2 Re7 23. b4 a6 24. a4 g6 25. Bg2 Rae8 26. dxe5 Bxe5 27. Qd3 f5 28. Kf1 Bf6 29. Bf3 Kg7 30. Rc1 Qe5 31. b5 axb5 32. axb5 Ra8 33. bxc6 bxc6 34. Qb3 Qb8 35. Qxb8 Rxb8 36. Ra2 Rc7 37. Ra6 Be7 38. Bd1 1/2-1/2

[Event "NATO-ch 31st"]
[Site "Blankenberge"]
[Date "2021.10.12"]
[Round "3.23"]
[White "Nikomanis, Andreas"]
[Black "Wagenaar, Harm Theo"]
[Result "1-0"]
[WhiteElo "2047"]
[BlackElo "1890"]
[PlyCount "43"]
[EventDate "2021.10.11"]
[EventType "team-swiss"]
[EventRounds "7"]
[EventCountry "BEL"]
[SourceTitle "CBM 204 Extra"]
[Source "ChessBase"]
[SourceDate "2021.11.30"]
[SourceVersion "1"]
[SourceVersionDate "2021.11.30"]
[SourceQuality "1"]
[WhiteTeam "Greece"]
[BlackTeam "Netherlands"]
[WhiteTeamCountry "GRE"]
[BlackTeamCountry "NED"]

1. e4 d5 2. exd5 Qxd5 3. Nc3 Qa5 4. d4 Nf6 5. Bd2 Bg4 6. f3 Bd7 7. f4 Qb6 8. Nf3 Bg4 9. Bc4 c6 10. Bxf7+ Kxf7 11. Ne5+ Ke8 12. Nxg4 Qxd4 13. Nxf6+ Qxf6 14. Qf3 Nd7 15. 0-0-0 Rd8 16. Rhe1 Nb6 17. Ne4 Qf7 18. Kb1 Kd7 19. Ng5 Qf5 20. g4 Qg6 21. f5 Qe8 22. Qb3 1-0

[Event "NATO-ch 30th"]
[Site "Berlin"]
[Date "2019.09.17"]
[Round "2.46"]
[White "Stuhr, Finn"]
[Black "Wagenaar, Harm Theo"]
[Result "0-1"]
[WhiteElo "1698"]
[BlackElo "1879"]
[PlyCount "92"]
[EventDate "2019.09.14"]
[EventType "team-swiss"]
[EventRounds "7"]
[EventCountry "GER"]
[SourceTitle "EXT 2020"]
[Source "ChessBase"]
[SourceDate "2019.10.17"]
[SourceVersion "1"]
[SourceVersionDate "2019.10.17"]
[SourceQuality "1"]
[WhiteTeam "NATO III"]
[BlackTeam "NATO"]

1. e4 e6 2. d4 d5 3. e5 c5 4. c3 Qb6 5. Nf3 Bd7 6. a3 cxd4 7. cxd4 Bb5 8. Bd3 Bxd3 9. Qxd3 Qa6 10. Qxa6 Nxa6 11. 0-0 Ne7 12. Nc3 Nf5 13. g4 Ne7 14. Nb5 Nc6 15. Be3 Be7 16. Bg5 h6 17. Bxe7 Kxe7 18. h4 Rhf8 19. Nd2 Kd7 20. f4 Nc7 21. Nxc7 Kxc7 22. Rac1 Kd7 23. Nf3 Rac8 24. b4 a6 25. h5 f5 26. g5 hxg5 27. fxg5 Rh8 28. Kg2 Rxh5 29. Rb1 b5 30. Rf2 Ne7 31. a4 Rc4 32. axb5 axb5 33. Ra2 Nc6 34. Rd2 Rh8 35. Kf2 Rxb4 36. Rg1 Rc4 37. Ra1 b4 38. Ra6 Rb8 39. g6 b3 40. Ra1 Rcb4 41. Rb2 Rh8 42. Rg1 Rh6 43. Ke3 Na5 44. Rh2 Rxh2 45. Nxh2 b2 46. Rb1 Nc4+ 0-1

[Event "NATO-ch 29th"]
[Site "Lubbock"]
[Date "2018.06.06"]
[Round "4"]
[White "Schott, Guido"]
[Black "Wagenaar, Harm Theo"]
[Result "1-0"]
[WhiteElo "2127"]
[BlackElo "1911"]
[PlyCount "61"]
[EventDate "2018.06.04"]
[EventType "swiss"]
[EventRounds "7"]
[EventCountry "USA"]
[SourceTitle "EXT 2019"]
[Source "ChessBase"]
[SourceDate "2018.10.10"]
[SourceVersion "1"]
[SourceVersionDate "2018.10.10"]
[SourceQuality "1"]

1. Nf3 d5 2. g3 Nf6 3. Bg2 c6 4. b3 Bf5 5. Bb2 e6 6. 0-0 h6 7. d3 Be7 8. Nbd2 0-0 9. Ne5 Bh7 10. e4 dxe4 11. dxe4 Nbd7 12. Nxd7 Qxd7 13. Qe2 Qc7 14. a4 Nd7 15. f4 e5 16. Nc4 exf4 17. gxf4 Rad8 18. Kh1 Kh8 19. Rf3 f6 20. Raf1 Nc5 21. Rg3 Rf7 22. Qh5 Bf8 23. f5 Re7 24. e5 fxe5 25. f6 gxf6 26. Rxf6 Ne4 27. Bxe4 Bxe4+ 28. Kg1 Bg7 29. Bxe5 Rxe5 30. Rxh6+ Bxh6 31. Qxh6+ 1-0

[Event "NATO-ch 27th"]
[Site "Shrivenham"]
[Date "2016.08.23"]
[Round "2"]
[White "Wagenaar, Harm Theo"]
[Black "Tremblay, Mario"]
[Result "1/2-1/2"]
[WhiteElo "1929"]
[BlackElo "1684"]
[PlyCount "42"]
[EventDate "2016.08.22"]
[EventType "swiss"]
[EventRounds "7"]
[EventCountry "ENG"]
[SourceTitle "EXT 2018"]
[Source "ChessBase"]
[SourceDate "2017.10.13"]
[SourceVersion "1"]
[SourceVersionDate "2017.10.13"]
[SourceQuality "1"]

1. c4 e6 2. g3 d5 3. Bg2 c5 4. cxd5 exd5 5. Nf3 Nc6 6. 0-0 Nf6 7. d4 Be7 8. Nc3 Bf5 9. Bg5 0-0 10. dxc5 d4 11. Na4 h6 12. Bxf6 Bxf6 13. Rc1 Re8 14. Re1 Rc8 15. Qd2 Be4 16. b3 Qd5 17. Nb2 Ne5 18. Nxe5 Bxg2 19. Nf3 Bxf3 20. exf3 Qxf3 21. Qd3 Qd5 1/2-1/2

[Event "NATO-ch 26th"]
[Site "Amsterdam"]
[Date "2015.07.09"]
[Round "6.14"]
[White "Wagenaar, Harm Theo"]
[Black "Picart, Laurent"]
[Result "0-1"]
[WhiteElo "2003"]
[BlackElo "2142"]
[PlyCount "46"]
[EventDate "2015.07.06"]
[EventType "swiss"]
[EventRounds "7"]
[EventCountry "NED"]
[SourceTitle "EXT 2016"]
[Source "ChessBase"]
[SourceDate "2015.10.08"]
[SourceVersion "1"]
[SourceVersionDate "2015.10.08"]
[SourceQuality "1"]
[WhiteTeam "Netherlands"]
[BlackTeam "France"]
[WhiteTeamCountry "NED"]
[BlackTeamCountry "FRA"]

1. d4 Nf6 2. Nf3 e6 3. e3 c5 4. Bd3 Nc6 5. 0-0 d5 6. c3 Bd6 7. Nbd2 0-0 8. dxc5 Bxc5 9. b4 Bd6 10. Bb2 e5 11. e4 Bg4 12. a3 Kh8 13. h3 Bh5 14. exd5 Nxd5 15. Qb3 Nf4 16. Be4 f5 17. Bxc6 bxc6 18. Kh1 e4 19. Ne1 Be2 20. Rg1 Qh4 21. c4 Qxf2 22. Qc3 Rf6 23. Qd4 Nxh3 0-1

[Event "NATO-ch 26th"]
[Site "Amsterdam"]
[Date "2015.07.07"]
[Round "3.30"]
[White "Echavarria Hidalgo, Fernando"]
[Black "Wagenaar, Harm Theo"]
[Result "1/2-1/2"]
[WhiteElo "1813"]
[BlackElo "2003"]
[PlyCount "66"]
[EventDate "2015.07.06"]
[EventType "swiss"]
[EventRounds "7"]
[EventCountry "NED"]
[SourceTitle "EXT 2016"]
[Source "ChessBase"]
[SourceDate "2015.10.08"]
[SourceVersion "1"]
[SourceVersionDate "2015.10.08"]
[SourceQuality "1"]
[WhiteTeam "Canada"]
[BlackTeam "Netherlands"]
[WhiteTeamCountry "CAN"]
[BlackTeamCountry "NED"]

1. Nf3 c5 2. c4 Nf6 3. g3 b6 4. Bg2 Bb7 5. 0-0 e6 6. Nc3 d6 7. d3 Be7 8. a3 a6 9. b4 Qc7 10. Qb3 Nbd7 11. Rb1 Rb8 12. Rd1 0-0 13. Bf4 h6 14. Qa2 Rfe8 15. Qd2 Bf8 16. Rb2 Ba8 17. Rdb1 Rbc8 18. Ne1 Bxg2 19. Nxg2 Rb8 20. Ne1 Ne5 21. Bxe5 dxe5 22. Qe3 Nd7 23. Qf3 Be7 24. Nc2 Red8 25. Ne4 Nf6 26. bxc5 bxc5 27. Nxf6+ Bxf6 28. Rb7 Rxb7 29. Qxb7 Qa5 30. Kf1 Qd2 31. Ne1 Qa5 32. Nc2 Qc3 33. Qb3 Qa5 1/2-1/2

[Event "NATO-ch 26th"]
[Site "Amsterdam"]
[Date "2015.07.07"]
[Round "2.34"]
[White "Wagenaar, Harm Theo"]
[Black "Stuhr, Finn"]
[Result "1-0"]
[WhiteElo "2003"]
[BlackElo "1796"]
[PlyCount "85"]
[EventDate "2015.07.06"]
[EventType "swiss"]
[EventRounds "7"]
[EventCountry "NED"]
[SourceTitle "EXT 2016"]
[Source "ChessBase"]
[SourceDate "2015.10.08"]
[SourceVersion "1"]
[SourceVersionDate "2015.10.08"]
[SourceQuality "1"]
[WhiteTeam "Netherlands"]
[BlackTeam "NATO"]
[WhiteTeamCountry "NED"]

1. d4 Nf6 2. Nf3 b6 3. e3 Bb7 4. Bd3 g6 5. 0-0 Bg7 6. b3 0-0 7. Bb2 d6 8. Nbd2 Nbd7 9. c4 e6 10. Qc2 Rc8 11. e4 d5 12. e5 Nh5 13. Rfe1 Nf4 14. Bf1 c5 15. Rad1 cxd4 16. Bxd4 dxc4 17. bxc4 Qc7 18. Qb1 Rfd8 19. Qb2 Bf8 20. Be3 Nh5 21. Bg5 Re8 22. Ne4 Bxe4 23. Rxe4 Be7 24. Bxe7 Rxe7 25. Red4 Ng7 26. R4d2 Nc5 27. Qb5 Ree8 28. a4 Ne4 29. Rd7 Qb8 30. Qb4 Rc5 31. Bd3 f5 32. Re1 a5 33. Qb3 Rd8 34. Rxd8+ Qxd8 35. Bxe4 fxe4 36. Rxe4 Nf5 37. h3 Qc7 38. Qd3 Ne7 39. Qd6 Rc6 40. Qd3 Nc8 41. Rd4 Ne7 42. Rd7 Qb8 43. Rd8+ 1-0

[Event "NATO-ch 25th"]
[Site "Quebec"]
[Date "2014.09.11"]
[Round "6"]
[White "Papista, Akos"]
[Black "Wagenaar, Harm Theo"]
[Result "1-0"]
[WhiteElo "2168"]
[BlackElo "2055"]
[PlyCount "31"]
[EventDate "2014.09.08"]
[EventType "team-swiss"]
[EventRounds "7"]
[EventCountry "CAN"]
[SourceTitle "EXT 2015"]
[Source "ChessBase"]
[SourceDate "2014.11.20"]
[SourceVersion "1"]
[SourceVersionDate "2014.11.20"]
[SourceQuality "1"]
[WhiteTeam "Hungary"]
[BlackTeam "NATO II"]
[WhiteTeamCountry "HUN"]

1. e4 d5 2. Nc3 dxe4 3. Nxe4 Qd5 4. Nc3 Qa5 5. d4 Nf6 6. Bc4 c6 7. Nf3 Bf5 8. Bd2 e6 9. Qe2 Bb4 10. 0-0-0 Nbd7 11. Ne5 Nxe5 12. dxe5 Nd7 13. a3 Bxc3 14. Bxc3 Qc7 15. Bb4 Qxe5 16. Rxd7 1-0

[Event "Leiden Noteboom Memorial 74th"]
[Site "Leiden"]
[Date "2014.03.01"]
[Round "2"]
[White "Wagenaar, Harm Theo"]
[Black "Ikonnikov, Vyacheslav"]
[Result "0-1"]
[WhiteElo "2063"]
[BlackElo "2580"]
[PlyCount "80"]
[EventDate "2014.02.28"]
[EventType "swiss"]
[EventRounds "6"]
[EventCountry "NED"]
[SourceTitle "CBM 159 Extra"]
[Source "ChessBase"]
[SourceDate "2014.04.24"]
[SourceVersion "1"]
[SourceVersionDate "2014.04.24"]
[SourceQuality "1"]

1. d4 Nf6 2. Nf3 e6 3. e3 b6 4. Bd3 Bb7 5. 0-0 c5 6. c4 Be7 7. Nc3 0-0 8. d5 exd5 9. cxd5 d6 10. e4 Nbd7 11. h3 a6 12. a4 Re8 13. Re1 Bf8 14. Bf4 g6 15. Bh2 Qc7 16. Bc4 Nh5 17. Qc2 Bg7 18. Qd2 Ne5 19. Nxe5 dxe5 20. Rad1 Qd6 21. Ne2 Bc8 22. g4 Nf6 23. Nc3 Nd7 24. Rf1 Ra7 25. Rde1 Nf8 26. f4 exf4 27. Bxf4 Be5 28. Bxe5 Qxe5 29. Qf2 Kg7 30. Rd1 Rd8 31. Rd3 f6 32. Kh1 g5 33. Qf3 Ng6 34. Rd2 Re7 35. Bd3 Nf4 36. Bb1 h5 37. Rh2 hxg4 38. hxg4 Rh8 39. Rxh8 Kxh8 40. Kg1 Rh7 0-1

[Event "Leiden Noteboom Memorial 74th"]
[Site "Leiden"]
[Date "2014.02.28"]
[Round "1"]
[White "Van den Doel, Erik"]
[Black "Wagenaar, Harm Theo"]
[Result "1-0"]
[WhiteElo "2573"]
[BlackElo "2063"]
[PlyCount "46"]
[EventDate "2014.02.28"]
[EventType "swiss"]
[EventRounds "6"]
[EventCountry "NED"]
[SourceTitle "CBM 159 Extra"]
[Source "ChessBase"]
[SourceDate "2014.04.24"]
[SourceVersion "1"]
[SourceVersionDate "2014.04.24"]
[SourceQuality "1"]

1. b3 e5 2. Bb2 d6 3. e3 Nf6 4. d4 exd4 5. Qxd4 Be7 6. Nc3 Nc6 7. Qd2 0-0 8. 0-0-0 Be6 9. e4 a5 10. Kb1 Nd7 11. Nge2 Nc5 12. Nf4 Qd7 13. Bb5 Bg5 14. Qe3 Bxf4 15. Qxf4 f6 16. Qe3 Qf7 17. f4 Rfe8 18. Ba3 Nd7 19. Qf3 Nb6 20. Nd5 f5 21. Nxb6 fxe4 22. Qe3 cxb6 23. Rxd6 Red8 1-0

[Event "NATO-ch 24th"]
[Site "Rynia"]
[Date "2013.08.14"]
[Round "5"]
[White "Kartal, Koray"]
[Black "Wagenaar, Harm Theo"]
[Result "0-1"]
[WhiteElo "1997"]
[BlackElo "2054"]
[PlyCount "123"]
[EventDate "2013.08.12"]
[EventType "swiss"]
[EventRounds "7"]
[EventCountry "POL"]
[SourceTitle "CBM 156 Extra"]
[Source "ChessBase"]
[SourceDate "2013.10.22"]
[SourceVersion "1"]
[SourceVersionDate "2013.10.22"]
[SourceQuality "1"]

1. d4 d5 2. c4 c6 3. Nf3 Nf6 4. Nc3 dxc4 5. a4 Bf5 6. e3 e6 7. Bxc4 Bb4 8. 0-0 0-0 9. Qe2 Bg4 10. h3 Bxf3 11. Qxf3 Nbd7 12. Rd1 Rc8 13. Na2 Be7 14. b4 Nb6 15. Bb3 Nbd5 16. Bd2 a6 17. e4 Nc7 18. Be3 Ra8 19. Rac1 Qd7 20. g4 Rfc8 21. g5 Nfe8 22. h4 Bf8 23. a5 Nb5 24. Rd2 Nec7 25. h5 Qe8 26. Kh1 Rd8 27. Qg3 Rd7 28. Rcd1 Rad8 29. g6 fxg6 30. hxg6 Qxg6 31. Qxg6 hxg6 32. Kg2 Be7 33. f4 Rf8 34. Kg3 Bd6 35. Kg4 Be7 36. Rh1 Nd6 37. Kf3 Kf7 38. Rg1 Rh8 39. Rg3 Nde8 40. Rdg2 Bf6 41. Rd2 Rh5 42. Bc2 Bh4 43. Rg1 Nd6 44. Bd3 Be7 45. Bf1 Rd8 46. Rg3 Rdh8 47. Rdg2 Rh3 48. Bf2 Rxg3+ 49. Rxg3 Rh4 50. Bg1 Rh5 51. Nc1 Ndb5 52. Nd3 Bd6 53. Nc5 Bxc5 54. dxc5 Rh8 55. Bc4 Rd8 56. f5 gxf5 57. exf5 Nd4+ 58. Kf4 Nxf5 59. Rg2 Nd5+ 60. Ke5 Rh8 61. Rg4 Rh5 62. Ke4 0-1

[Event "NATO-ch 24th"]
[Site "Rynia"]
[Date "2013.08.14"]
[Round "4"]
[White "Wagenaar, Harm Theo"]
[Black "Voroblievas, Arturas"]
[Result "1/2-1/2"]
[WhiteElo "2054"]
[BlackElo "1857"]
[PlyCount "88"]
[EventDate "2013.08.12"]
[EventType "swiss"]
[EventRounds "7"]
[EventCountry "POL"]
[SourceTitle "CBM 156 Extra"]
[Source "ChessBase"]
[SourceDate "2013.10.22"]
[SourceVersion "1"]
[SourceVersionDate "2013.10.22"]
[SourceQuality "1"]

1. c4 e5 2. g3 Nf6 3. Bg2 d5 4. cxd5 Nxd5 5. Nf3 Nc6 6. 0-0 Be7 7. d4 e4 8. Ne5 Nf6 9. Nxc6 bxc6 10. Nc3 Bf5 11. Bg5 0-0 12. e3 Nd5 13. Bxe7 Qxe7 14. Na4 Rab8 15. b3 Qg5 16. Nc5 Rfe8 17. Qd2 Rb5 18. Rfc1 h5 19. Na4 Nb4 20. Bf1 Rbb8 21. a3 Nd3 22. Bxd3 exd3 23. Nc5 h4 24. Nxd3 Rxb3 25. Nf4 hxg3 26. hxg3 Be4 27. Qe2 g6 28. Ng2 Reb8 29. Rd1 Rb2 30. Rd2 Rxd2 31. Qxd2 Qg4 32. Ne1 Qh3 33. f3 Qxg3+ 34. Qg2 Qxg2+ 35. Kxg2 Rb2+ 36. Kg3 Bf5 37. Kf4 Rb3 38. e4 Bd7 39. Nc2 a5 40. Ne1 Kg7 41. Ra2 f6 42. Ra1 g5+ 43. Kg3 Kg6 44. Kf2 Kg7 1/2-1/2

[Event "NATO-ch 24th"]
[Site "Rynia"]
[Date "2013.08.13"]
[Round "3"]
[White "Sari, Serdar"]
[Black "Wagenaar, Harm Theo"]
[Result "1-0"]
[WhiteElo "2052"]
[BlackElo "2054"]
[PlyCount "62"]
[EventDate "2013.08.12"]
[EventType "swiss"]
[EventRounds "7"]
[EventCountry "POL"]
[SourceTitle "CBM 156 Extra"]
[Source "ChessBase"]
[SourceDate "2013.10.22"]
[SourceVersion "1"]
[SourceVersionDate "2013.10.22"]
[SourceQuality "1"]

1. d4 d5 2. Bf4 Nf6 3. Nf3 c5 4. e3 Qb6 5. b3 Nc6 6. c3 Bf5 7. Bd3 Bxd3 8. Qxd3 e6 9. 0-0 Be7 10. Nbd2 0-0 11. h3 Rac8 12. a3 a6 13. b4 c4 14. Qc2 Qd8 15. e4 dxe4 16. Nxe4 Nxe4 17. Qxe4 Qd5 18. Nd2 Rfd8 19. Rfb1 Bf6 20. Qxd5 exd5 21. Nf3 b5 22. a4 Ra8 23. Ra2 Rd7 24. Rba1 Rda7 25. Bd6 Rd7 26. Bc5 Rc8 27. axb5 axb5 28. Ra6 Bd8 29. Rxc6 Rxc6 30. Ne5 Rcd6 31. Nxd7 Rxd7 1-0

[Event "Maarssen OKU op-A"]
[Site "Maarssen"]
[Date "2013.06.01"]
[Round "4"]
[White "Wagenaar, Harm Theo"]
[Black "Vistisen, Lars"]
[Result "0-1"]
[WhiteElo "2048"]
[BlackElo "2175"]
[PlyCount "68"]
[EventDate "2013.05.31"]
[EventType "swiss"]
[EventRounds "6"]
[EventCountry "NED"]
[SourceTitle "CBM 154 Extra"]
[Source "ChessBase"]
[SourceDate "2013.06.25"]
[SourceVersion "2"]
[SourceVersionDate "2013.06.25"]
[SourceQuality "1"]

1. d4 Nf6 2. Nf3 c5 3. e3 g6 4. dxc5 Na6 5. c4 Bg7 6. Nbd2 0-0 7. Nb3 Nxc5 8. Nxc5 Qa5+ 9. Bd2 Qxc5 10. Bc3 d6 11. Be2 Be6 12. Rc1 a5 13. 0-0 Rfc8 14. Bd4 Qc7 15. b3 Qd8 16. h3 a4 17. b4 b5 18. Nd2 a3 19. Bf3 Ra4 20. cxb5 Rxb4 21. Bc6 Bxa2 22. Ra1 Bd5 23. Bc3 Bxc6 24. bxc6 Rbb8 25. Qf3 Qc7 26. Rxa3 Qxc6 27. Qxc6 Rxc6 28. Nf3 Rbc8 29. Bd4 e5 30. Bb2 Rc2 31. Rb3 Ne4 32. Rb6 Bh6 33. Rb3 Nc5 34. Rb6 Na4 0-1

[Event "Maarssen OKU op-A"]
[Site "Maarssen"]
[Date "2013.05.31"]
[Round "1"]
[White "Van der Heijden, Alan"]
[Black "Wagenaar, Harm Theo"]
[Result "1-0"]
[WhiteElo "2271"]
[BlackElo "2048"]
[PlyCount "91"]
[EventDate "2013.05.31"]
[EventType "swiss"]
[EventRounds "6"]
[EventCountry "NED"]
[SourceTitle "CBM 154 Extra"]
[Source "ChessBase"]
[SourceDate "2013.06.25"]
[SourceVersion "2"]
[SourceVersionDate "2013.06.25"]
[SourceQuality "1"]

1. c4 c5 2. g3 Nf6 3. Bg2 e6 4. Nf3 d5 5. 0-0 Be7 6. d3 0-0 7. Nbd2 Nc6 8. a3 Qc7 9. Rb1 h6 10. b4 cxb4 11. axb4 Nxb4 12. Bb2 Nc6 13. Qa4 Bd7 14. Qa1 Rfc8 15. Ne5 Qd8 16. cxd5 exd5 17. Nb3 Be6 18. Nd4 Nxd4 19. Bxd4 b6 20. f4 Rc2 21. f5 Bc8 22. e3 Qc7 23. Qa4 Bb7 24. Nf3 Qc6 25. Qa1 Qd7 26. Ne5 Qc8 27. Rbc1 Bd6 28. Rxc2 Qxc2 29. Rc1 Qb3 30. Rc3 Qb5 31. Nf3 Bc5 32. h3 a5 33. Bf1 Qe8 34. Kf2 Qe7 35. Qc1 Rc8 36. Qc2 Re8 37. Qc1 Rc8 38. Bxf6 Bxe3+ 39. Qxe3 Qxe3+ 40. Kxe3 Re8+ 41. Kd2 gxf6 42. Nd4 Re5 43. Rc7 Ba6 44. Ra7 Bc8 45. Ra8 Re8 46. Bg2 1-0

[Event "NATO-ch 22nd"]
[Site "Kaunas"]
[Date "2011.08.10"]
[Round "4"]
[White "Wagenaar, Harm Theo"]
[Black "Mestek, Igor"]
[Result "0-1"]
[WhiteElo "2084"]
[BlackElo "2195"]
[PlyCount "176"]
[EventDate "2011.08.08"]
[EventType "swiss"]
[EventRounds "7"]
[EventCountry "LTU"]
[SourceTitle "CBM 143 Extra"]
[Source "ChessBase"]
[SourceDate "2011.08.29"]
[SourceVersion "1"]
[SourceVersionDate "2011.08.29"]
[SourceQuality "1"]

1. d4 d5 2. Nf3 f5 3. e3 e6 4. Bd3 Bd6 5. b3 Nf6 6. Ba3 Qe7 7. Bxd6 cxd6 8. Bb5+ Nbd7 9. 0-0 0-0 10. Re1 Ne4 11. Bxd7 Bxd7 12. c4 Rac8 13. cxd5 exd5 14. Na3 Be8 15. Rc1 Bh5 16. Qd3 a6 17. Nd2 Bg6 18. f3 Nf6 19. f4 Rfe8 20. Nf1 Ne4 21. Nb1 Rc7 22. Nc3 Bf7 23. Ne2 Qh4 24. Neg3 Rec8 25. Qb1 g6 26. Rxc7 Rxc7 27. Rc1 Qd8 28. Ne2 Be8 29. Rxc7 Qxc7 30. Qc1 Bc6 31. a3 Qb6 32. Qc2 Qa5 33. Qc1 Kg7 34. Nfg3 Nf6 35. Nf1 Bb5 36. Neg3 Bc6 37. Ne2 h5 38. h4 Qd8 39. g3 Bb5 40. Kf2 Qe7 41. Nc3 Ng4+ 42. Kg1 Bxf1 43. Kxf1 Qxe3 44. Qxe3 Nxe3+ 45. Ke2 Nc2 46. Kd3 Nxa3 47. Nxd5 Nb5 48. Nb6 Kf7 49. d5 Nc7 50. b4 Ke7 51. Nc8+ Kd7 52. Nb6+ Kd8 53. Kc4 Ne8 54. Kd4 Nf6 55. Nc4 Kc7 56. Nd2 b6 57. Kc4 Ng4 58. Nf3 Ne3+ 59. Kd4 Nf1 60. Ng5 Nxg3 61. Ne6+ Kb7 62. Nf8 Ne2+ 63. Ke3 Nc3 64. Kd4 Ne2+ 65. Ke3 Ng3 66. Nxg6 a5 67. b5 Kc7 68. Ne7 Kd7 69. Nc6 a4 70. Kd3 Ne4 71. Nd4 a3 72. Kc2 Nf6 73. Kb3 Nxd5 74. Nxf5 Nxf4 75. Kxa3 Ke6 76. Ng3 d5 77. Kb2 Ke5 78. Kc2 Kd4 79. Nf5+ Kc5 80. Kc3 Ne6 81. Ng3 Nf4 82. Nf5 Kxb5 83. Kd4 Kc6 84. Ne7+ Kd6 85. Nc8+ Kc7 86. Ne7 Kd6 87. Nc8+ Kc6 88. Ne7+ Kb5 0-1

[Event "Curacao op 11th"]
[Site "Curacao"]
[Date "2011.07.28"]
[Round "6"]
[White "Wagenaar, Harm Theo"]
[Black "Vreugdenhil, Frans"]
[Result "1-0"]
[WhiteElo "2084"]
[BlackElo "2070"]
[PlyCount "73"]
[EventDate "2011.07.22"]
[EventType "swiss"]
[EventRounds "9"]
[EventCountry "AHO"]
[SourceTitle "EXT 2012"]
[Source "ChessBase"]
[SourceDate "2011.11.24"]
[SourceVersion "1"]
[SourceVersionDate "2011.11.24"]
[SourceQuality "1"]

1. d4 d5 2. Nf3 Nf6 3. e3 c5 4. dxc5 Nc6 5. Bb5 Bd7 6. c3 e6 7. b4 a5 8. Bxc6 Bxc6 9. 0-0 b6 10. Nd4 Qc7 11. b5 Bd7 12. c6 Bc8 13. e4 Bd6 14. h3 g5 15. Ba3 Bxa3 16. Nxa3 e5 17. Qf3 Nxe4 18. Nf5 Nd2 19. Qxd5 Nxf1 20. Nd6+ Kf8 21. Qxe5 Rg8 22. Rd1 g4 23. Kxf1 gxh3 24. g3 Bg4 25. Rd4 Bf3 26. Kg1 Rd8 27. Nac4 Be2 28. Nd2 Rg7 29. N2e4 Bg4 30. c4 Bf3 31. Nf6 Bxc6 32. Nh5 Rg8 33. Qf4 Rg6 34. Nf6 Bg2 35. Nxh7+ Kg8 36. Nf6+ Kg7 37. Nde8+ 1-0

[Event "NATO-ch 21st"]
[Site "Koge"]
[Date "2010.10.21"]
[Round "5"]
[White "Wagenaar, Harm Theo"]
[Black "Nielsen, Jan Mose"]
[Result "0-1"]
[WhiteElo "2072"]
[BlackElo "2120"]
[PlyCount "100"]
[EventDate "2010.10.18"]
[EventType "swiss"]
[EventRounds "7"]
[EventCountry "DEN"]
[SourceTitle "EXT 2011"]
[Source "ChessBase"]
[SourceDate "2010.11.26"]
[SourceVersion "1"]
[SourceVersionDate "2010.11.26"]
[SourceQuality "1"]

1. c4 Nf6 2. g3 c6 3. Nf3 d5 4. Qc2 g6 5. Bg2 Bf5 6. d3 Nbd7 7. Nbd2 e5 8. e4 dxe4 9. dxe4 Be6 10. 0-0 h6 11. b3 Qc7 12. Bb2 Bg7 13. b4 0-0 14. a4 a5 15. b5 Nh7 16. Rac1 Rfc8 17. Rfd1 f6 18. Ba3 Bf8 19. Qb2 Nc5 20. Bxc5 Bxc5 21. Nb3 Bb4 22. Bf1 Qf7 23. Nbd2 Nf8 24. Rc2 Nd7 25. Rdc1 Nc5 26. Qa1 Rd8 27. bxc6 bxc6 28. Qa2 Rd7 29. Re1 Rad8 30. Re3 h5 31. Kg2 Rd6 32. Nb3 Qd7 33. Nxc5 Bh3+ 34. Kg1 Rd1 35. Ne1 Bxe1 36. Nxd7 Bd2 37. c5+ Kg7 38. Qc4 Bxf1 39. Qxf1 Rxf1+ 40. Kxf1 Bxe3 41. Nxe5 fxe5 42. fxe3 Rd1+ 43. Kf2 Ra1 44. Rc4 Ra2+ 45. Kg1 h4 46. gxh4 Kh6 47. Kf1 Kh5 48. Ke1 Kxh4 49. Kd1 g5 50. Rc2 Rxc2 0-1

[Event "NATO-ch 21st"]
[Site "Koge"]
[Date "2010.10.19"]
[Round "2"]
[White "Bieluszewski, Piotr"]
[Black "Wagenaar, Harm Theo"]
[Result "1/2-1/2"]
[WhiteElo "2173"]
[BlackElo "2072"]
[PlyCount "112"]
[EventDate "2010.10.18"]
[EventType "swiss"]
[EventRounds "7"]
[EventCountry "DEN"]
[SourceTitle "EXT 2011"]
[Source "ChessBase"]
[SourceDate "2010.11.26"]
[SourceVersion "1"]
[SourceVersionDate "2010.11.26"]
[SourceQuality "1"]

1. e4 d5 2. exd5 Qxd5 3. Nc3 Qa5 4. d4 Nf6 5. Bc4 Bg4 6. f3 Bf5 7. g4 Bg6 8. h4 h6 9. h5 Bh7 10. Nge2 c6 11. Bd2 Qb6 12. Bb3 e6 13. Na4 Qc7 14. Bf4 Bd6 15. Bxd6 Qxd6 16. Qd2 Nbd7 17. 0-0-0 0-0-0 18. Kb1 Kb8 19. Qc1 Qc7 20. Nac3 Nb6 21. Ka1 Nbd5 22. Bxd5 Nxd5 23. Nxd5 exd5 24. Qd2 Rhe8 25. Nc1 Qg3 26. Rhf1 Re7 27. Rf2 Rde8 28. Kb1 Re3 29. Rdf1 Qf4 30. b3 Qg5 31. Kb2 Qe7 32. Rg2 Re6 33. Rff2 Qf6 34. Kb1 Kc8 35. Rf1 Kb8 36. Qd1 Qe7 37. Qd2 Qf6 38. Rgf2 Ka8 39. Re2 Rxe2 40. Nxe2 Kb8 41. Nf4 Qg5 42. Kb2 Qe7 43. Ng2 Qf6 44. Rf2 Kc8 45. a4 Kb8 46. Qc3 Qd6 47. Rd2 Kc8 48. a5 a6 49. Rf2 Kb8 50. Qd2 Kc8 51. Re2 Rxe2 52. Qxe2 Kd7 53. Qd2 Qg3 54. Ne1 Qd6 55. f4 Be4 56. g5 Kc8 1/2-1/2